000 01008nas a2200277 454500
001 29628
005 20260407193508.0
008 260407s2000####ag###########|||spa#d
003 AR-UNSa-BCEJYS
040 _aAR-UNSa-BCEJYS
_bspa
_cAR-UNSa-BCEJYS
080 _a338.45
_xIndustria como sector económico. Producción comercial, industrial
245 1 0 _aCADICAA
_pEconomía Argentino-Alemana / Deutsch-Argentinische Wirtschaft
264 1 _aBuenos Aires :
_bCADICAA
_c2000
310 _aFrecuencia: Bimestral Cambia de Director a partir del Año L, Nº 3 por Reinhold Meyer
505 _a
041 _aspa
942 _cSER
590 _aniveau_biblio:s niveau_hierar:1
100 1 _aCamara de Industria y Comercio Argentino-Alemana (CADICAA)
700 1 _aScheidel, Daniel M.
650 _aComercio internacional
650 _aComercio
650 _aIndustria
650 _aAlemania
856 4 1 _uhttps://biblioeco.unsa.edu.ar/pmb/images/revistas/Cadicaa-r14305.jpg
_yImagen de portada
_qimage/jpeg
999 _c8675
_d8675